[Event "Managua Gomez Argenal Memorial"]
[Site "Managua"]
[Date "2021.06.20"]
[Round "9"]
[White "Ruiz Treminio, Bismark"]
[Black "Salinas Barrera, Jovani Enrique"]
[Result "0-1"]
[WhiteElo "1112"]
[BlackElo "1561"]
[PlyCount "56"]
[EventDate "2021.05.29"]
[EventType "swiss"]
[EventRounds "9"]
[EventCountry "NCA"]
[SourceTitle "EXT 2022"]
[Source "ChessBase"]
[SourceDate "2021.10.06"]
[SourceVersion "1"]
[SourceVersionDate "2021.10.06"]
[SourceQuality "1"]

1. d4 d5 2. e3 Nf6 3. f4 Bf5 4. Bd3 Bxd3 5. cxd3 e6 6. Nf3 c6 7. Bd2 Nbd7 8. 0-0 h6 9. Be1 Be7 10. Ne5 Qb6 11. b3 c5 12. Bc3 cxd4 13. Bxd4 Bc5 14. Bxc5 Qxc5 15. Qd2 Rc8 16. d4 Qc7 17. Na3 0-0 18. Rac1 Qd6 19. Nb5 Qb6 20. Nc3 Qb4 21. Nxd7 Nxd7 22. Rc2 Nf6 23. Rfc1 Rc6 24. Qd3 Rfc8 25. Kf1 a6 26. Ke1 Ne4 27. a3 Qxb3 28. Rb1 Qxa3 0-1

[Event "Managua Gomez Argenal Memorial"]
[Site "Managua"]
[Date "2021.06.12"]
[Round "5"]
[White "Salinas Barrera, Jovani Enrique"]
[Black "Quintero, Armando"]
[Result "1/2-1/2"]
[WhiteElo "1561"]
[BlackElo "1852"]
[PlyCount "90"]
[EventDate "2021.05.29"]
[EventType "swiss"]
[EventRounds "9"]
[EventCountry "NCA"]
[SourceTitle "EXT 2022"]
[Source "ChessBase"]
[SourceDate "2021.10.06"]
[SourceVersion "1"]
[SourceVersionDate "2021.10.06"]
[SourceQuality "1"]

1. d4 Nf6 2. c4 e6 3. Nc3 Bb4 4. d5 0-0 5. Bd2 exd5 6. cxd5 d6 7. e3 Bg4 8. Be2 Bxe2 9. Ngxe2 Nbd7 10. 0-0 Nb6 11. a3 Bxc3 12. Nxc3 Nfxd5 13. Nxd5 Nxd5 14. Qb3 Qg5 15. Rad1 Nb6 16. Qc2 c6 17. e4 Qg6 18. f4 f5 19. e5 dxe5 20. fxe5 Rae8 21. Bc3 Nd5 22. Qb3 Kh8 23. Rxd5 cxd5 24. Qxd5 b6 25. h3 f4 26. Qb7 Rf7 27. Qd5 Ref8 28. Rf3 h5 29. Kh1 Rf5 30. Qd3 Qe6 31. Qe4 b5 32. Qb4 Qd5 33. Kh2 Rd8 34. Rxf4 Rg5 35. Rf8+ Kh7 36. Rf2 Qd1 37. Qe4+ Kg8 38. Qf4 Rg6 39. e6 Qd5 40. Qf7+ Kh7 41. e7 Qxf7 42. Rxf7 Re8 43. Bb4 Re6 44. Rf8 R6xe7 45. Bxe7 Rxe7 1/2-1/2

[Event "Managua Gomez Argenal Memorial"]
[Site "Managua"]
[Date "2021.06.06"]
[Round "4"]
[White "Rivas Sanchez, Elio del Carmen"]
[Black "Salinas Barrera, Jovani Enrique"]
[Result "0-1"]
[WhiteElo "1150"]
[BlackElo "1561"]
[PlyCount "50"]
[EventDate "2021.05.29"]
[EventType "swiss"]
[EventRounds "9"]
[EventCountry "NCA"]
[SourceTitle "EXT 2022"]
[Source "ChessBase"]
[SourceDate "2021.10.06"]
[SourceVersion "1"]
[SourceVersionDate "2021.10.06"]
[SourceQuality "1"]

1. e4 e5 2. Nf3 Nc6 3. Bb5 Bc5 4. 0-0 Nge7 5. c3 0-0 6. d4 exd4 7. cxd4 Bb6 8. Bg5 f6 9. Be3 d5 10. Nc3 Kh8 11. exd5 Nxd5 12. Nxd5 Qxd5 13. Ba4 Bg4 14. Bb3 Qh5 15. Qd3 Bxf3 16. gxf3 Qxf3 17. Bd1 Qd5 18. f4 Bxd4 19. Bf3 Bxe3+ 20. Qxe3 Qb5 21. Rae1 Qb6 22. Rf2 h6 23. Qd3 f5 24. Ree2 Rad8 25. Qc2 Nd4 0-1

[Event "Managua Gomez Argenal Memorial"]
[Site "Managua"]
[Date "2021.06.06"]
[Round "3"]
[White "Salinas Barrera, Jovani Enrique"]
[Black "Avalos, Carlos"]
[Result "0-1"]
[WhiteElo "1561"]
[BlackElo "1844"]
[PlyCount "65"]
[EventDate "2021.05.29"]
[EventType "swiss"]
[EventRounds "9"]
[EventCountry "NCA"]
[SourceTitle "EXT 2022"]
[Source "ChessBase"]
[SourceDate "2021.10.06"]
[SourceVersion "1"]
[SourceVersionDate "2021.10.06"]
[SourceQuality "1"]

1. d4 d5 2. c4 dxc4 3. Nc3 a6 4. a4 Nc6 5. e3 e5 6. Bxc4 exd4 7. exd4 Qxd4 8. Qb3 Ne5 9. Be2 Bc5 10. Be3 Qb4 11. Qxb4 Bxb4 12. Bd2 Nf6 13. h3 0-0 14. Nf3 Nxf3+ 15. Bxf3 Re8+ 16. Ne2 Bxd2+ 17. Kxd2 Bf5 18. Rae1 Rad8+ 19. Kc1 Be4 20. Nc3 Bxf3 21. gxf3 Rxe1+ 22. Rxe1 Kf8 23. Kc2 Rd4 24. Rd1 Rxd1 25. Kxd1 Ke7 26. Ke2 Kd6 27. Kd3 Kc5 28. Na2 a5 29. Nc3 c6 30. b3 b5 31. axb5 cxb5 32. h4 h6 33. Ne4+ 0-1

[Event "NCA-ch Fiestas Patrias op"]
[Site "Managua"]
[Date "2020.08.30"]
[Round "3"]
[White "Gutierrez, Oscar"]
[Black "Salinas Barrera, Jovani Enrique"]
[Result "1-0"]
[WhiteElo "1854"]
[BlackElo "1561"]
[PlyCount "97"]
[EventDate "2020.08.29"]
[EventType "swiss"]
[EventRounds "9"]
[EventCountry "NCA"]
[SourceTitle "EXT 2022"]
[Source "ChessBase"]
[SourceDate "2021.10.06"]
[SourceVersion "1"]
[SourceVersionDate "2021.10.06"]
[SourceQuality "1"]

1. d4 d5 2. e3 Nf6 3. Bd3 Bg4 4. f3 Bh5 5. Ne2 e6 6. Nf4 Bg6 7. Nxg6 hxg6 8. f4 Nh5 9. Qg4 Nd7 10. 0-0 Bd6 11. c4 dxc4 12. Bxc4 Ndf6 13. Qf3 Bxf4 14. g3 Bxg3 15. hxg3 Qd6 16. Kg2 0-0-0 17. Nc3 Nd5 18. Bd2 f5 19. Bxd5 exd5 20. Rac1 a6 21. b4 Kb8 22. b5 a5 23. b6 cxb6 24. Nb5 Qd7 25. a4 Rc8 26. Rxc8+ Rxc8 27. Rc1 Rxc1 28. Bxc1 Qc6 29. Ba3 Qc2+ 30. Kh3 Qc4 31. Qd1 Nf6 32. Qc1 Qxc1 33. Bxc1 Ne4 34. Ba3 Kc8 35. Bf8 Nf2+ 36. Kg2 Nd1 37. Kf3 Nb2 38. Nc3 Kd7 39. Bxg7 Kc6 40. Kf4 Kd6 41. Bf8+ Ke6 42. Ba3 Nc4 43. Bc1 Kf6 44. Nxd5+ Ke6 45. Nc3 Kf6 46. e4 g5+ 47. Kf3 fxe4+ 48. Nxe4+ Kf5 49. Nxg5 1-0

[Event "NCA-ch Fiestas Patrias op"]
[Site "Managua"]
[Date "2020.08.29"]
[Round "1"]
[White "Davila, Carlos"]
[Black "Salinas Barrera, Jovani Enrique"]
[Result "1-0"]
[WhiteElo "2214"]
[BlackElo "1561"]
[PlyCount "39"]
[EventDate "2020.08.29"]
[EventType "swiss"]
[EventRounds "9"]
[EventCountry "NCA"]
[SourceTitle "EXT 2022"]
[Source "ChessBase"]
[SourceDate "2021.10.06"]
[SourceVersion "1"]
[SourceVersionDate "2021.10.06"]
[SourceQuality "1"]

1. e4 e5 2. Nf3 Nc6 3. Bb5 Bc5 4. c3 Nge7 5. 0-0 0-0 6. d4 exd4 7. cxd4 Bb6 8. d5 Nb8 9. d6 cxd6 10. Nc3 d5 11. Nxd5 Nxd5 12. Qxd5 d6 13. Bg5 Qc7 14. Rac1 Nc6 15. Bf4 Be6 16. Qd2 Rfd8 17. Rfd1 Bc5 18. Rxc5 dxc5 19. Bxc7 Rxd2 20. Rxd2 1-0

[Event "Managua Hurtado Memorial 19th"]
[Site "Managua"]
[Date "2019.12.27"]
[Round "3"]
[White "Sevilla Menocal, Axell Farath"]
[Black "Salinas Barrera, Jovani Enrique"]
[Result "1-0"]
[WhiteElo "1734"]
[BlackElo "1570"]
[PlyCount "111"]
[EventDate "2019.12.26"]
[EventType "swiss"]
[EventRounds "9"]
[EventCountry "NCA"]
[SourceTitle "CBM 195 Extra"]
[Source "ChessBase"]
[SourceDate "2020.05.31"]
[SourceVersion "1"]
[SourceVersionDate "2020.05.31"]
[SourceQuality "1"]

1. Nf3 Nf6 2. g3 g6 3. Bg2 Bg7 4. c4 c6 5. 0-0 e6 6. d3 0-0 7. Nc3 d5 8. e4 d4 9. Ne2 c5 10. Bf4 Nfd7 11. Qc1 f6 12. Bd6 Rf7 13. Nf4 e5 14. Nd5 Na6 15. b4 cxb4 16. Bxb4 Nxb4 17. Nxb4 b6 18. Qd2 Nc5 19. Rab1 Be6 20. Nh4 Rc8 21. f4 exf4 22. gxf4 f5 23. exf5 Bxf5 24. Nxf5 Rxf5 25. Bh3 Qf8 26. Bxf5 Qxf5 27. Qe2 Rf8 28. Rbd1 Kh8 29. Nd5 h6 30. Ne7 Qf7 31. Nd5 Qf5 32. Qg2 Rf7 33. Qe2 h5 34. Rfe1 Kh7 35. Rf1 b5 36. Kh1 bxc4 37. dxc4 d3 38. Qe3 Bf8 39. Qe5 Qxe5 40. fxe5 Rxf1+ 41. Rxf1 d2 42. Rd1 Ne4 43. Nf6+ Nxf6 44. exf6 Bb4 45. c5 Bxc5 46. Rxd2 Kg8 47. Rd7 Kf8 48. f7 g5 49. Kg2 h4 50. Kf3 a5 51. Rd5 Be7 52. Rxa5 Kxf7 53. Kg4 Kg6 54. Rf5 Bd8 55. a4 Kh6 56. a5 1-0

[Event "NCA-chT fase1"]
[Site "Managua"]
[Date "2019.10.13"]
[Round "8.2"]
[White "Ferrufino, Michelle"]
[Black "Salinas Barrera, Jovani Enrique"]
[Result "1-0"]
[WhiteElo "1752"]
[BlackElo "1578"]
[PlyCount "49"]
[EventDate "2019.09.28"]
[EventType "team-swiss"]
[EventRounds "9"]
[EventCountry "NCA"]
[SourceTitle "CBM 194 Extra"]
[Source "ChessBase"]
[SourceDate "2020.03.31"]
[SourceVersion "1"]
[SourceVersionDate "2020.03.31"]
[SourceQuality "1"]
[WhiteTeam "Soldados del Amor"]
[BlackTeam "Leon Santiago de los Caballeros"]
[WhiteTeamCountry "NCA"]
[BlackTeamCountry "NCA"]

1. e4 e5 2. d4 exd4 3. Nf3 Nc6 4. Bc4 h6 5. 0-0 Bc5 6. c3 d3 7. Qxd3 Bb6 8. Bf4 Nge7 9. e5 0-0 10. Nbd2 Kh8 11. Ne4 Ng6 12. Bg3 Nce7 13. h3 Nf5 14. Bh2 Nfh4 15. Rad1 Nxf3+ 16. Qxf3 Qe7 17. Qh5 Kh7 18. Kh1 Qh4 19. Qf3 f5 20. exf6 Rxf6 21. Nxf6+ Qxf6 22. Qxf6 gxf6 23. Rde1 c6 24. Bd6 Kg7 25. Re8 1-0

[Event "NCA-chT fase1"]
[Site "Managua"]
[Date "2019.10.06"]
[Round "6.3"]
[White "Salinas Barrera, Jovani Enrique"]
[Black "Cortez Ruiz, Luis Miguel"]
[Result "1/2-1/2"]
[WhiteElo "1578"]
[BlackElo "1513"]
[PlyCount "102"]
[EventDate "2019.09.28"]
[EventType "team-swiss"]
[EventRounds "9"]
[EventCountry "NCA"]
[SourceTitle "CBM 194 Extra"]
[Source "ChessBase"]
[SourceDate "2020.03.31"]
[SourceVersion "1"]
[SourceVersionDate "2020.03.31"]
[SourceQuality "1"]
[WhiteTeam "Leon Santiago de los Caballeros"]
[BlackTeam "Sandino"]
[WhiteTeamCountry "NCA"]
[BlackTeamCountry "NCA"]

1. d4 Nf6 2. c4 g6 3. Nc3 Bg7 4. e4 0-0 5. Bd3 d6 6. Bg5 h6 7. Bh4 Nbd7 8. Nge2 e5 9. d5 Nc5 10. Bc2 g5 11. Bg3 Nh5 12. Qd2 f5 13. b4 Na6 14. exf5 Bxf5 15. Ne4 Nf4 16. Kf1 Qe8 17. Rb1 Qg6 18. N2c3 b6 19. a3 Nb8 20. b5 Nd7 21. Qe3 Nc5 22. h3 Rf7 23. Kg1 Raf8 24. Kh2 Nh5 25. Rhe1 Nxg3 26. fxg3 Bxe4 27. Nxe4 Nxe4 28. Bxe4 Qf6 29. Re2 Qe7 30. Bd3 Rf1 31. Rxf1 Rxf1 32. Qe4 Kf8 33. Re3 Rf7 34. Rf3 Rxf3 35. gxf3 Qf6 36. Kg2 Qf7 37. a4 Qf6 38. Qg6 Qd8 39. Qf5+ Kg8 40. Qe6+ Kh8 41. Qg6 Kg8 42. Bf5 Qe7 43. Qh7+ Kf8 44. Be6 Ke8 45. Qe4 Qf6 46. Kf2 Bh8 47. Ke3 Bg7 48. Kd3 Bh8 49. Kc3 Bg7 50. Kd3 Bh8 51. Kc3 Bg7 1/2-1/2

[Event "Managua Ramirez de Arellano Memorial"]
[Site "Managua"]
[Date "2019.07.13"]
[Round "1"]
[White "Salinas Barrera, Jovani Enrique"]
[Black "Ruiz Treminio, Bismark"]
[Result "1-0"]
[WhiteElo "1571"]
[BlackElo "1139"]
[PlyCount "75"]
[EventDate "2019.07.13"]
[EventType "swiss"]
[EventRounds "9"]
[EventCountry "NCA"]
[SourceTitle "EXT 2020"]
[Source "ChessBase"]
[SourceDate "2019.10.17"]
[SourceVersion "1"]
[SourceVersionDate "2019.10.17"]
[SourceQuality "1"]

1. d4 e6 2. c4 d5 3. Nc3 Nf6 4. Bg5 Be7 5. f3 c6 6. a4 a6 7. a5 Nbd7 8. c5 Qc7 9. f4 h6 10. Bxf6 Bxf6 11. e3 g6 12. Nf3 Bg7 13. Bd3 f5 14. Qc2 Bf6 15. h3 h5 16. b4 Nf8 17. 0-0-0 Qg7 18. Rhg1 Nh7 19. g4 hxg4 20. hxg4 Nf8 21. gxf5 exf5 22. Na4 Be6 23. Nb6 Rd8 24. Ng5 Bxg5 25. Rxg5 Rh5 26. Rdg1 Rxg5 27. Rxg5 Nh7 28. Rg2 Qf7 29. Rg3 Ke7 30. Na4 Rg8 31. Qh2 Qg7 32. Nc3 Kf6 33. Nd1 Qh8 34. Nf2 Bf7 35. Rh3 Rg7 36. Rh6 Ke7 37. Nh3 Qg8 38. Ng5 1-0

[Event "Managua Linicad rap op 2nd"]
[Site "Managua"]
[Date "2019.07.06"]
[Round "1"]
[White "Castillo, Rommel"]
[Black "Salinas Barrera, Jovani Enrique"]
[Result "1-0"]
[WhiteElo "2053"]
[BlackElo "1571"]
[PlyCount "45"]
[EventDate "2019.07.06"]
[EventType "swiss (rapid)"]
[EventRounds "7"]
[EventCountry "NCA"]
[SourceTitle "EXT 2020"]
[Source "ChessBase"]
[SourceDate "2019.10.17"]
[SourceVersion "1"]
[SourceVersionDate "2019.10.17"]
[SourceQuality "1"]

1. e4 e5 2. Nf3 Nc6 3. Bc4 h6 4. a3 Bc5 5. c3 a5 6. d4 exd4 7. cxd4 Bb6 8. d5 Nb8 9. 0-0 d6 10. Nc3 Bg4 11. h3 Bh5 12. e5 Ne7 13. g4 Bg6 14. Bb5+ c6 15. exd6 Qxd6 16. dxc6 Qxd1 17. cxb7+ Kf8 18. bxa8Q Qd6 19. Kg2 Kg8 20. Qb7 Kh7 21. Re1 Bc7 22. Rd1 Qc5 23. Be3 1-0

[Event "Managua Linicad rap op 2nd"]
[Site "Managua"]
[Date "2019.07.06"]
[Round "4"]
[White "Salinas Barrera, Jovani Enrique"]
[Black "Garcia, Antonio3333"]
[Result "0-1"]
[WhiteElo "1571"]
[BlackElo "1838"]
[PlyCount "81"]
[EventDate "2019.07.06"]
[EventType "swiss (rapid)"]
[EventRounds "7"]
[EventCountry "NCA"]
[SourceTitle "EXT 2020"]
[Source "ChessBase"]
[SourceDate "2019.10.17"]
[SourceVersion "1"]
[SourceVersionDate "2019.10.17"]
[SourceQuality "1"]

1. d4 f5 2. c4 Nf6 3. Nc3 e6 4. Bg5 c6 5. f3 d5 6. cxd5 cxd5 7. e3 Be7 8. Bd3 0-0 9. Nge2 Nc6 10. f4 Ne4 11. Bxe7 Qxe7 12. 0-0 Bd7 13. a3 Be8 14. Bxe4 fxe4 15. Ng3 Qh4 16. f5 Bd7 17. fxe6 Bxe6 18. Qh5 Qxh5 19. Nxh5 Ne7 20. Rxf8+ Rxf8 21. Rf1 Bf7 22. Ng3 Rd8 23. Nf5 Nc6 24. b4 Be6 25. h3 g6 26. Ng3 Kg7 27. Nge2 g5 28. Ng3 Ne7 29. Nh5+ Kg8 30. Nf6+ Kg7 31. Nh5+ Kg8 32. Nf6+ Kh8 33. g4 Rc8 34. Nb5 a6 35. Nd6 Rb8 36. Rc1 Nc6 37. Rf1 Ne7 38. Nh5 Ng6 39. Nf7+ Kg8 40. Nxg5 Nh4 41. Nxe6 0-1

[Event "Managua Gomez Argenal Memorial 19th"]
[Site "Managua"]
[Date "2019.06.09"]
[Round "6"]
[White "Salinas Barrera, Jovani Enrique"]
[Black "Lopez Lopez, Manuel"]
[Result "1-0"]
[WhiteElo "1595"]
[BlackElo "1451"]
[PlyCount "39"]
[EventDate "2019.06.16"]
[EventType "swiss"]
[EventRounds "9"]
[EventCountry "NCA"]
[SourceTitle "EXT 2020"]
[Source "ChessBase"]
[SourceDate "2019.10.17"]
[SourceVersion "1"]
[SourceVersionDate "2019.10.17"]
[SourceQuality "1"]

1. d4 d5 2. c4 dxc4 3. Nc3 c6 4. a4 e6 5. e4 Bb4 6. Bxc4 Nf6 7. f3 0-0 8. Nge2 h6 9. 0-0 Nbd7 10. f4 Qb6 11. Kh1 Re8 12. Ng3 Nh7 13. e5 Qd8 14. Qg4 Ndf8 15. f5 g5 16. fxg6 Nxg6 17. Bxh6 Be7 18. Rxf7 Kxf7 19. Rf1+ Bf6 20. Nh5 1-0

[Event "Managua Gomez Argenal Memorial 19th"]
[Site "Managua"]
[Date "2019.06.02"]
[Round "2"]
[White "Salinas Barrera, Jovani Enrique"]
[Black "Gomez Baltodano, David"]
[Result "0-1"]
[WhiteElo "1595"]
[BlackElo "1850"]
[PlyCount "56"]
[EventDate "2019.06.16"]
[EventType "swiss"]
[EventRounds "9"]
[EventCountry "NCA"]
[SourceTitle "EXT 2020"]
[Source "ChessBase"]
[SourceDate "2019.10.17"]
[SourceVersion "1"]
[SourceVersionDate "2019.10.17"]
[SourceQuality "1"]

1. d4 d5 2. c4 e6 3. Nc3 Nf6 4. Bg5 Be7 5. e3 a6 6. a4 b6 7. Bd3 dxc4 8. Bxc4 Bb7 9. f3 Nbd7 10. Nge2 c5 11. 0-0 Rc8 12. Qd3 cxd4 13. exd4 Ra8 14. Rad1 0-0 15. Nf4 e5 16. Nfe2 exd4 17. Nxd4 Ne5 18. Qe2 Nxc4 19. Qxc4 Rc8 20. Qe2 Bc5 21. Qd3 Qd6 22. Kh1 Rfd8 23. Nce2 h6 24. Be3 Re8 25. Nf5 Qxd3 26. Rxd3 Bxe3 27. Rxe3 Rxe3 28. Nxe3 Re8 0-1

[Event "NCA-ch 2nd phase"]
[Site "Managua"]
[Date "2019.01.20"]
[Round "3"]
[White "Salinas Barrera, Jovani Enrique"]
[Black "Berrios Vanegas, Yanko Antonio"]
[Result "1-0"]
[WhiteElo "1591"]
[BlackElo "1598"]
[PlyCount "73"]
[EventDate "2019.01.19"]
[EventType "swiss"]
[EventRounds "9"]
[EventCountry "NCA"]
[SourceTitle "CBM 189 Extra"]
[Source "ChessBase"]
[SourceDate "2019.06.03"]
[SourceVersion "1"]
[SourceVersionDate "2019.06.03"]
[SourceQuality "1"]

1. d4 Nf6 2. c4 c6 3. Nc3 e6 4. e4 Bb4 5. Bd3 0-0 6. Nge2 d6 7. Bg5 Nbd7 8. 0-0 Qc7 9. a3 Bxc3 10. Nxc3 Ne8 11. Be7 Qb6 12. Bxf8 Nxf8 13. Rb1 Qxd4 14. Ne2 Qb6 15. Ng3 e5 16. Qf3 Be6 17. Kh1 Ng6 18. b3 Qd8 19. Nf5 Qg5 20. g3 Qd8 21. a4 d5 22. cxd5 cxd5 23. exd5 Bxd5 24. Be4 Bxe4 25. Qxe4 b6 26. Rfd1 Qb8 27. Rd7 Nf6 28. Qc6 Nxd7 29. Qxd7 a5 30. Rc1 Qe8 31. Qc7 Rb8 32. h4 h6 33. h5 Nh8 34. Ne7+ Kh7 35. Qxe5 Rd8 36. Rc7 Rd7 37. Qf5+ 1-0

[Event "NCA-ch 2nd phase"]
[Site "Managua"]
[Date "2019.01.19"]
[Round "1"]
[White "Salinas Barrera, Jovani Enrique"]
[Black "Quintero, Armando"]
[Result "0-1"]
[WhiteElo "1591"]
[BlackElo "1855"]
[PlyCount "52"]
[EventDate "2019.01.19"]
[EventType "swiss"]
[EventRounds "9"]
[EventCountry "NCA"]
[SourceTitle "CBM 189 Extra"]
[Source "ChessBase"]
[SourceDate "2019.06.03"]
[SourceVersion "1"]
[SourceVersionDate "2019.06.03"]
[SourceQuality "1"]

1. d4 Nf6 2. c4 e6 3. Nc3 d5 4. Bg5 Nbd7 5. e3 Be7 6. Bd3 h6 7. Bh4 0-0 8. f4 c6 9. c5 b6 10. b4 a5 11. a3 Ba6 12. Bxa6 Rxa6 13. Nf3 Ne4 14. Bxe7 Qxe7 15. Qd3 Rfa8 16. Rb1 axb4 17. axb4 Ra3 18. Rc1 R8a4 19. 0-0 Rxb4 20. Rfd1 Nxc3 21. Rxc3 Rxc3 22. Qxc3 bxc5 23. dxc5 Qxc5 24. Qxc5 Nxc5 25. Rc1 Nd3 26. Rxc6 Rb2 0-1

[Event "NCA-chT final"]
[Site "Managua"]
[Date "2018.11.18"]
[Round "10.4"]
[White "Castillo, Rommel"]
[Black "Salinas Barrera, Jovani Enrique"]
[Result "1-0"]
[WhiteElo "2052"]
[BlackElo "1561"]
[PlyCount "59"]
[EventDate "2018.10.27"]
[EventType "team-tourn"]
[EventRounds "11"]
[EventCountry "NCA"]
[SourceTitle "EXT 2020"]
[Source "ChessBase"]
[SourceDate "2019.10.17"]
[SourceVersion "1"]
[SourceVersionDate "2019.10.17"]
[SourceQuality "1"]

1. c4 c5 2. Nc3 Nc6 3. g3 g6 4. Bg2 Bg7 5. e3 Nf6 6. d4 d6 7. Nge2 0-0 8. 0-0 Rb8 9. b3 e6 10. Bb2 cxd4 11. exd4 d5 12. Qd2 b6 13. Rac1 Bb7 14. Rfd1 Qd7 15. h3 Rfd8 16. g4 h6 17. Qe3 Qe7 18. Nb5 a6 19. Ba3 Qd7 20. Nd6 Ba8 21. Nf4 g5 22. Nd3 Ne8 23. Ne5 Qc7 24. Ndxf7 Rdc8 25. cxd5 Bxe5 26. Nxe5 exd5 27. Bxd5+ Kg7 28. Nxc6 Bxc6 29. Rxc6 Qd7 30. Qe5+ 1-0

[Event "Managua Hurtado Memorial 17th"]
[Site "Managua"]
[Date "2017.12.14"]
[Round "6"]
[White "Salinas Barrera, Jovani Enrique"]
[Black "Espinoza Solano, Jose Nahum"]
[Result "0-1"]
[WhiteElo "1467"]
[BlackElo "1759"]
[PlyCount "120"]
[EventDate "2017.12.11"]
[EventType "swiss"]
[EventRounds "9"]
[EventCountry "NCA"]
[SourceTitle "CBM 182 Extra"]
[Source "ChessBase"]
[SourceDate "2018.02.23"]
[SourceVersion "1"]
[SourceVersionDate "2018.02.23"]
[SourceQuality "1"]

1. d4 Nf6 2. c4 g6 3. Nc3 Bg7 4. e4 d6 5. Bg5 0-0 6. f3 c5 7. d5 a6 8. a4 Bd7 9. Bd3 Be8 10. Nge2 Nbd7 11. f4 Qa5 12. h3 Rb8 13. 0-0 e6 14. g4 exd5 15. exd5 Kh8 16. Qc2 Ng8 17. Bh4 Qb4 18. Rae1 f6 19. Ne4 Qb6 20. Bg3 f5 21. gxf5 gxf5 22. Ng5 Qxb2 23. Qxb2 Bxb2 24. Ne6 Rf7 25. Bh4 Bf6 26. Bf2 Nh6 27. Ng3 Bh4 28. Nc7 Nf6 29. Ne6 Bxa4 30. Nxf5 Bxf2+ 31. Rxf2 Nxf5 32. Bxf5 Nxd5 33. Bxh7 Nxf4 34. Nxf4 Kxh7 35. Ne6 Rg8+ 36. Kf1 Rxf2+ 37. Kxf2 Bb3 38. Re4 b5 39. cxb5 axb5 40. Rh4+ Kg6 41. Rg4+ Kf7 42. Ng5+ Ke7 43. h4 Bd5 44. h5 Rh8 45. Rh4 Kf6 46. Nh3 Bf7 47. Rf4+ Ke7 48. Ng5 Bxh5 49. Ke3 Kd7 50. Kd2 Rg8 51. Ne4 Rg2+ 52. Kc1 Bg6 53. Nd2 c4 54. Rd4 Kc6 55. Rf4 Kc5 56. Rf1 c3 57. Nb3+ Kb4 58. Nd4 Ra2 59. Nf5 Ra1+ 60. Kc2 Rxf1 0-1

[Event "Managua Hurtado Memorial 17th"]
[Site "Managua"]
[Date "2017.12.13"]
[Round "4"]
[White "Salinas Barrera, Jovani Enrique"]
[Black "Gutierrez, Oscar"]
[Result "0-1"]
[WhiteElo "1467"]
[BlackElo "1965"]
[PlyCount "106"]
[EventDate "2017.12.11"]
[EventType "swiss"]
[EventRounds "9"]
[EventCountry "NCA"]
[SourceTitle "CBM 182 Extra"]
[Source "ChessBase"]
[SourceDate "2018.02.23"]
[SourceVersion "1"]
[SourceVersionDate "2018.02.23"]
[SourceQuality "1"]

1. d4 Nf6 2. c4 c5 3. d5 b5 4. cxb5 a6 5. Nc3 axb5 6. Nxb5 Ba6 7. Nc3 g6 8. g3 d6 9. Bg2 Bg7 10. Nf3 0-0 11. 0-0 Nbd7 12. Re1 Qb6 13. Rb1 Ng4 14. Bf4 c4 15. e3 Qa5 16. h3 Nge5 17. Nd4 Rfe8 18. Nc6 Qc7 19. Bxe5 Nxe5 20. Nxe5 Bxe5 21. Qc2 Qa5 22. a3 Reb8 23. f4 Bg7 24. e4 Rb3 25. e5 Rab8 26. Kh2 Bc8 27. Na2 Bf5 28. Qxc4 Bxb1 29. Rxb1 Rxb2 30. Rxb2 Rxb2 31. Nb4 Qc5 32. Qe4 Qc7 33. Nc6 h6 34. a4 Kh7 35. a5 Qb7 36. a6 Qxa6 37. Nxe7 dxe5 38. fxe5 Qe2 39. Qxe2 Rxe2 40. d6 Bxe5 41. d7 Bc7 42. Nc6 Rd2 43. d8Q Bxd8 44. Nxd8 Rxd8 45. g4 Rd2 46. Kg3 Kg7 47. h4 Kf6 48. Be4 Ke5 49. Bb1 f5 50. gxf5 gxf5 51. Kf3 Rb2 52. Bd3 Rb3 53. Ke2 f4 0-1

[Event "NCA-chT final"]
[Site "Managua"]
[Date "2017.10.29"]
[Round "6.3"]
[White "Salinas Barrera, Jovani Enrique"]
[Black "Garcia, Antonio3333"]
[Result "0-1"]
[WhiteElo "1470"]
[BlackElo "1924"]
[PlyCount "84"]
[EventDate "2017.10.21"]
[EventType "team-tourn"]
[EventRounds "9"]
[EventCountry "NCA"]
[SourceTitle "CBM 181 Extra"]
[Source "ChessBase"]
[SourceDate "2017.12.12"]
[SourceVersion "1"]
[SourceVersionDate "2017.12.12"]
[SourceQuality "1"]

1. e4 c6 2. d4 d5 3. exd5 cxd5 4. Nf3 Nf6 5. Bb5+ Bd7 6. Bd3 Nc6 7. c3 Bg4 8. Be3 e6 9. h3 Bh5 10. Nbd2 Bd6 11. Qc2 Rc8 12. a3 a6 13. 0-0 Bb8 14. Nh2 e5 15. Bf5 Bg6 16. Bxg6 hxg6 17. dxe5 Nxe5 18. Rae1 0-0 19. f4 Nc6 20. Nb3 d4 21. Rd1 Ba7 22. Bf2 Qd6 23. Nf3 Qxf4 24. Nfxd4 Nxd4 25. Bxd4 Bxd4+ 26. Rxd4 Qg5 27. Qd2 Qb5 28. Rb4 Qc6 29. Qf2 b5 30. Rd4 Rce8 31. Rfd1 Qc7 32. Qf4 Re5 33. Nd2 Qe7 34. Nf3 Re2 35. R1d2 Nh5 36. Qd6 Qe3+ 37. Kh2 Qxf3 38. Rxe2 Qxe2 39. Rd2 Qc4 40. Rd4 Qf1 41. Qxa6 Nf4 42. Qb7 Ne2 0-1

[Event "NCA-chT final"]
[Site "Managua"]
[Date "2017.10.28"]
[Round "4.4"]
[White "Picado, Rolando"]
[Black "Salinas Barrera, Jovani Enrique"]
[Result "0-1"]
[WhiteElo "1905"]
[BlackElo "1470"]
[PlyCount "112"]
[EventDate "2017.10.21"]
[EventType "team-tourn"]
[EventRounds "9"]
[EventCountry "NCA"]
[SourceTitle "CBM 181 Extra"]
[Source "ChessBase"]
[SourceDate "2017.12.12"]
[SourceVersion "1"]
[SourceVersionDate "2017.12.12"]
[SourceQuality "1"]

1. e4 e5 2. Nf3 Nc6 3. Bc4 h6 4. 0-0 Nf6 5. Re1 d6 6. h3 Be7 7. c3 Be6 8. Bb5 a6 9. Ba4 0-0 10. d4 exd4 11. cxd4 Bd7 12. Nc3 Re8 13. a3 Qc8 14. Qd3 Bxh3 15. gxh3 Qxh3 16. Ne5 Qxd3 17. Nxd3 b5 18. d5 Ne5 19. Nxe5 dxe5 20. Bd1 g5 21. Kg2 Kg7 22. b4 Rh8 23. Bb2 Bd6 24. Na2 h5 25. Nc1 h4 26. Nd3 Rhe8 27. Rc1 a5 28. f4 gxf4 29. Bf3 axb4 30. axb4 Ra2 31. Re2 Kg6 32. Rc6 Kg5 33. Nf2 Nd7 34. Nh3+ Kh6 35. Bg4 Rg8 36. Kf3 Nf6 37. Nf2 h3 38. Nxh3 Rxg4 39. Bxe5 Rg3+ 40. Kxf4 Bxe5+ 41. Kxe5 Rxe2 42. Nf4 Rxe4+ 43. Kxf6 Rxf4+ 44. Ke5+ Kg5 45. Rxc7 f6+ 46. Kd6 Rxb4 47. Rg7+ Kf4 48. Rf7 f5 49. Kc5 Rb1 50. d6 b4 51. Rb7 b3 52. d7 Rd3 53. Kc4 Rdd1 54. Kc3 Kf3 55. Rb5 f4 56. Rb7 Kf2 0-1